Waterproof

Detalles Bibliográficos
Otros Autores: Larrieu, Daniel (coreógrafo), Letacon, Jean Louis
Formato: DVD
Lenguaje:alemán
Publicado: 1986
Materias:

MARC

LEADER 00000cgm a2200000 a 4500
001 030488
003 UAHC_CL
005 20190628123901.0
008 090309b gw 000 ger
952 |0 0  |1 0  |2 ddc  |4 0  |6 DVD_230  |7 0  |8 COMP  |9 59640  |a BC  |b BC  |c Referencia  |d 2017-08-03  |l 0  |o DVD-230  |p 1370802  |r 2023-07-26 00:00:00  |t c.1  |w 2017-08-03  |y DVD 
999 |c 30488  |d 30488 
040 |a UAHC_CL  |c UAHC_CL  |d UAHC_CL 
245 1 0 |a Waterproof  |c Daniel Larrieu, Jean Louis Letacon. 
260 |c 1986 
300 |a 1 videodisco (min.) 
650 4 |a DANZA 
700 1 |a Larrieu, Daniel  |e coreógrafo 
700 1 |a Letacon, Jean Louis 
900 |a DVD-230 
942 |c DVD  |2 ddc